| 000 | 00789nac a22002171u 4500 | ||
|---|---|---|---|
| 010 | _a | ||
| 020 | _a1557382913 | ||
| 082 | 0 | 0 |
_a332.645 _bMAN |
| 090 |
_c9891 _d9891 |
||
| 100 | _a20080729 | ||
| 245 | 0 | 4 |
_aManaged futures : _bperformance, evaluation & analysis of commodity funds, pools and accounts/ _cCarl C. Peters, editor |
| 260 |
_aChicago : _bProbus Publishing Company,1992 _c1992 |
||
| 300 |
_a442 p. ; _c24 cm. |
||
| 500 | _adistributer: Al-Ahram | ||
| 504 | _aIncludes bibliographical references and index. | ||
| 511 | _acatalogued by: wessam | ||
| 650 | 0 | _aFutures. | |
| 700 | 1 | _aPeters, Carl C. | |
| 856 | 4 | 2 |
_3Publisher description _uhttp://www.loc.gov/catdir/description/mh022/96029592.html |
| 942 |
_cBB _k332.645MAN |
||
| 999 |
_c9891 _d9891 |
||